000
00254nam a2200109Ia 4500
008
190912s9999||||xx |||||||||||||| ||und||
100
_a
Nobes,Christopher
245
0
_a
Pocket Accouting
260
_a
Italy
_b
McGraw-Hill
_c
1998
300
_a
185
942
_c
BK
999
_c
7801
_d
7801